Szczegóły MARC21

Homo faber : ein Bericht /

003 -Nazwa inst., której nr kontr. jest w polu 001 [,]
    • @
    • Nazwa instytucji, której n kontrolny jest w polu 001
    • NUKAT
005 -DATA I CZAS OSTATNIEJ MODYFIKACJI [,]
    • @
    • pole kontrolne
    • 20241231091618.0
020 -Międzynarod. znormalizowany nr książki - ISBN [ , ]
    • a
    • Numer ISBN
    • 3518368540 Find
040 -Instytucja sporządzająca opis [ , ]
    • a
    • Instytucja, która sporządziła opis (NP)
    • KAT U/46MM
    • c
    • Instytucja, która sporządziła rekord (NP)
    • KAT U/46MMs
    • d
    • Instytucja, która zmodyfikowała rekord (P)
    • KAT U/46MM
    • d
    • Instytucja, która zmodyfikowała rekord (P)
    • SZCZ U/MCs
942 -Rodzaj dokumentu [ , ]
    • c
    • Rodzaj dokumentu
    • Książka
100 -Hasło główne - nazwa osobowa [1, ]
    • a
    • Nazwa osobowa (NP)
    • Frisch, Max
    • d
    • Daty biograficzne (NP)
    • (1911-1991).
    • 9
    • KHW
    • 83982
240 -Tytuł ujednolicony [1,0]
    • a
    • Tytuł ujednolicony
    • Homo faber
    • l
    • Język tekstu
    • (niem.)
    • 9
    • KHW
    • 401896
245 -Strefa tytułu i oznaczenia odpowiedzialności [1,0]
    • a
    • Tytuł
    • Homo faber : Find
    • b
    • Ciąg dalszy tytułu (NP)
    • ein Bericht / Find
    • c
    • Pozostałe elementy strefy tytułu i oznaczenia odpowiedzialności (NP)
    • Max Frisch.
250 -Strefa wydania [ , ]
    • a
    • Oznaczenie wydania (NP)
    • 46. Aufl.
260 -Strefa adresu wydawniczego [ , ]
    • a
    • Miejsce wydania (P)
    • Frankfurt am Main :
    • b
    • Nazwa wydawcy (P)
    • Suhrkamp Verlag,
    • c
    • Data wydania (P)
    • dr. 1994.
300 -Strefa opisu fizycznego [ , ]
    • a
    • Określenie formy książki i/lub objętość (NP)
    • 202, [1] s. ;
    • c
    • Format (NP)
    • 18 cm.
336 -Typ zawartości [ , ]
    • a
    • Termin opisujący typ zawartości
    • Tekst
    • b
    • Kod określający zawartość
    • txt
    • 2
    • Źródło (terminu i kodu)
    • rdacontent
337 -Typ mediów [ , ]
    • a
    • Tryb odtwarzania
    • Bez urządzenia pośredniczącego
    • b
    • Kod typu mediów
    • n
    • 2
    • Źródło (terminu i kodu)
    • rdamedia
338 -Typ/rodzaj nośnika [ , ]
    • a
    • Hasło opisujące typ nośnika
    • Wolumin
    • b
    • Kod typu nośnika
    • nc
    • 2
    • Źródło (terminu i kodu)
    • rdacarrier
490 -Strefa serii i książki wielotomowej - forma nie do wyszukiwania [1, ]
    • a
    • Tytuł (P)
    • Suhrkamp Taschenbuch ; Find
    • v
    • Numeracja (P)
    • 354
830 -Hasło dodatkowe serii i opisu książki wielotomowej - tytuł ujednolicony/tytuł [ ,0]
    • a
    • Tytuł ujednolicony/tytuł (NP)
    • Suhrkamp Taschenbuch
    • x
    • ISSN
    • 0930-9721
    • v
    • Oznaczenie tomu (NP)
    • 354
    • 9
    • KHW
    • 37681
080 -Uniwersalna Klasyfikacja Dziesiętna [ , ]
    • a
    • Symbol klasyfikacji
    • 830(494)-31=30
650 -Hasło przedmiotowe [ ,7]
    • a
    • Hasło przedmiotowe
    • Literatura szwajcarska w języku niemieckim
    • y
    • Określnik chronologiczny
    • 20 w.
    • 2
    • Źródło terminu
    • kaba
    • 9
    • KHW
    • 187637
980 -Symbol UKD [ , ]
    • a
    • UKD
    • 830(494)-31=30
710 -Hasło dodatkowe - nazwa ciała zbiorowego [2, ]
    • a
    • Nazwa ciała zbiorowego lub nazwa geograficzna jako pierwszy element (NP)
    • Suhrkamp Verlag.
    • 4
    • Kod relacji
    • pbl
    • 9
    • KHW
    • 56105
920 -ISBN [ , ]
    • a
    • ISBN
    • 3-518-36854-0 Find
Data inwentaryzacji Lokalizacja Sygnatura Status udost. Numer inwentarzowy
1998-09-16BMGerm. Literatura szwajcarska-3G.13828
1998-09-16BMGerm. Literatura szwajcarska-3G.13829
1998-09-16BMGerm. Literatura szwajcarska-3G.13833
1998-09-16BMGerm. Literatura szwajcarska-3G.13834
1998-09-16BMGerm. Literatura szwajcarska-3G.13822
1998-09-16BMGerm. Literatura szwajcarska-3G.13823
1998-09-16BMGerm. Literatura szwajcarska-3G.13824
1998-09-16BMGerm. Literatura szwajcarska-3G.13825
1998-09-16BMGerm. Literatura szwajcarska-3G.13826
1998-09-16BMGerm. Literatura szwajcarska-3G.13830
1998-09-16BMGerm. Literatura szwajcarska-3G.13831
1998-09-16BMGerm. Literatura szwajcarska-3G.13832
1998-09-16BMGerm. Literatura szwajcarska-3G.13821
1998-09-16G 2G.13827